| 000 | 01384cam a22003494a 4500 | ||
|---|---|---|---|
| 999 |
_c7475 _d7475 |
||
| 001 | 12896225 | ||
| 003 | OSt | ||
| 005 | 20211115103200.0 | ||
| 008 | 020815s2002 stka b 001 0 eng | ||
| 010 | _a 2002031430 | ||
| 020 | _a0443040567 | ||
| 035 | _a(DNLM)101152283 | ||
| 040 |
_aDNLM/DLC _cDLC _dDLC |
||
| 042 | _apcc | ||
| 050 | 0 | 0 |
_aRC46 _b.D24 2002 |
| 060 | 1 | 0 |
_aWB 100 _bD253 2002 |
| 082 | 0 | 0 | _aWB 100E95d 1991 |
| 245 | 0 | 0 |
_aDavidson's principles and practice of medicine; A textbook for Students and Doctors _cEdited by C.R.W Edwards, I.A.D Bouchier, C. Haslett, |
| 246 | 3 | 0 | _aPrinciples and practice of medicine |
| 250 |
_a15th ed. / _beditors, Christopher Haslett ... [et al.] ; international editor, John A.A. Hunter ; illustrated by Robert Britton. |
||
| 260 |
_aEdinburgh ; _aNew York : _bChurchill Livingstone, _c1991 |
||
| 300 |
_ax, 1203 p. : _bill. (chiefly col.) ; _c27 cm. |
||
| 500 | _a"50th anniversary ed."--Front cover. | ||
| 504 | _aIncludes bibliographical references and index. | ||
| 650 | 0 |
_aInternal medicine. _9849 |
|
| 650 | 1 | 2 |
_aMedicine. _9324 |
| 700 | 1 |
_aDavidson, Stanley, _cSir, _d1894-1981. _9850 |
|
| 700 | 1 |
_aHaslett, C. _q(Christopher) _9851 |
|
| 906 |
_a7 _bcbc _corignew _d1 _eocip _f20 _gy-gencatlg |
||
| 942 |
_2ddc _cO_SHELF |
||